[Event "1. Bamberg-Open 2018"]
[Site "Bamberg"]
[Date "2018.05.12"]
[Round "5"]
[White "Pribyl, Josef"]
[Black "Wagner, Florian"]
[Result "1/2-1/2"]
[WhiteElo "2268"]
[BlackElo "2197"]
[Annotator "TA"]
[PlyCount "80"]
[EventDate "2018.??.??"]
[EventType "swiss"]
[EventCountry "GER"]
[SourceTitle "playchess.com"]
[Source "ChessBase"]
[SourceQuality "1"]

{[%evp 12,80,51,39,45,38,52,20,70,62,56,52,81,62,58,68,102,80,122,76,84,81,229,214,280,136,162,162,141,153,117,57,175,163,166,175,208,194,267,256,256,245,253,252,222,218,512,534,504,462,562,531,495,484,597,558,524,498,329,64,65,13,4,4,15,0,0,0,0,0,0]} 1. Nf3 g6 2. e4 Bg7 3. d4 d6 4. Nc3 a6 5. a4 b6 6. Bd3 {B06: Modern Defence} (6. Bc4 e6 7. O-O Ne7 8. Bf4 Nd7 9. Qd2 h6 10. Rfe1 g5 11. Bg3 Ng6 12. h3 Nf6 13. e5 Nh5 14. Bh2 Nhf4 15. exd6 cxd6 {1-0 (36) Gustafsson,J (2630)-Fier,A (2636) Linares 2015}) 6... Bb7 7. O-O {LiveBook: 7 Games} Nf6 8. Re1 {White is slightly better.} O-O 9. Bg5 $146 ({Predecessor:} 9. Bf4 Nc6 10. d5 Nb4 11. Bf1 c6 12. dxc6 Bxc6 13. e5 dxe5 14. Nxe5 {0-1 (41) Schramm,B (2109)-Mohrlok,D (2322) Dresden 2007}) 9... Qd7 10. Qd2 Nc6 11. Rad1 Rae8 12. e5 $36 {[%mdl 2048] White is pushing.} Nh5 $1 13. Be4 Qc8 14. Bh6 Rd8 {[%cal Rd6e5]} 15. Qe3 dxe5 16. dxe5 (16. Bxg7 {with more complications.} Nxg7 17. Nd5 exd4 18. Qh6 Rxd5 19. Bxd5 Nf5 20. Qh3) 16... Nb4 {[#]} (16... Rxd1 $16 {keeps fighting.} 17. Rxd1 Rd8) 17. Bxg7 $1 $18 Kxg7 18. h3 (18. Bxb7 $18 {is more deadly.} Qxb7 19. Rxd8 Rxd8 20. Re2) 18... Rxd1 $16 19. Rxd1 ({Don't do} 19. Nxd1 $6 c5 $14) 19... Bxe4 20. Qxe4 ({Don't take} 20. Nxe4 Rd8 $14) 20... a5 21. Ne2 (21. g4 $16) 21... f6 ({Black should play} 21... Rd8 $14 22. Rd4 Rxd4 23. Nfxd4 (23. Nexd4 c5 $11) 23... c5) 22. c3 $18 {[%cal Bc2c3,Bc3b4,Bb4b5][%mdl 32]} Na6 23. b4 axb4 24. cxb4 c5 (24... Kh8 {is a better defense.} 25. a5 bxa5) 25. b5 Nb4 26. exf6+ Nxf6 27. Qxe7+ Rf7 28. Qe5 Rd7 $2 (28... Qe8) 29. Rxd7+ Qxd7 30. Nc3 Nd3 31. Qb8 Qe6 32. Qc7+ Nd7 33. a5 bxa5 {[#]} 34. b6 $1 {[%mdl 512]} Nb4 (34... Qxb6 35. Qxd7+) 35. Ne4 $2 (35. b7 $18 Na6 36. Qxa5) 35... Nd5 $14 36. Qa7 (36. Qb7 $14 N5xb6 37. Nxc5) 36... N5xb6 $11 {The position is equal.} 37. Nxc5 Qd5 38. Nxd7 Nxd7 39. Qc7 Qd1+ 40. Kh2 {Ne5 is the strong threat.} Qd5 {Precision: White = 44%, Black = 41%.} 1/2-1/2

[Event "1. Bamberg-Open 2018"]
[Site "Bamberg"]
[Date "2018.05.12"]
[Round "5"]
[White "Spitzl, Vinzent"]
[Black "Dettmann, Gerd"]
[Result "1-0"]
[WhiteElo "2254"]
[BlackElo "2163"]
[Annotator "TA"]
[PlyCount "49"]
[EventDate "2018.??.??"]
[EventType "swiss"]
[EventCountry "GER"]
[SourceTitle "playchess.com"]
[Source "ChessBase"]
[SourceQuality "1"]

{[%evp 14,49,7,4,13,7,113,98,108,106,96,95,102,101,95,95,134,11,169,170,221,218,225,173,176,170,261,238,433,357,343,344,324,331,813,529,29998,29999]} 1. e4 c5 2. Nf3 d6 3. d4 cxd4 4. Nxd4 Nf6 5. Nc3 a6 6. Bg5 e6 7. Be2 Be7 8. O-O {LiveBook: 25 Games} h6 {B95: Sicilian Najdorf: 6 Bg5 e6, unusual White 7th moves} (8... O-O 9. Be3 Nbd7 10. f4 Nc5 11. Bf3 Qc7 {½-½ (15) Saydaliev,S (2349)-Sattarov,B (2381) Tula 2018}) 9. Bh4 (9. Bc1 {is interesting.} O-O 10. Qd3 e5 11. Nb3 Nc6 12. a3) 9... Nxe4 (9... O-O $11) 10. Bxe7 $16 (10. Nxe4 Bxh4 11. c4 O-O $17) 10... Nxc3 {White is better.} 11. Bxd8 {[%cal Be7d8,Bd8c7,Bc7d6][%mdl 32]} Nxd1 12. Bc7 (12. Rfxd1 $6 Kxd8 13. f4 Kc7 $11) 12... Nxb2 13. Bxd6 {[#] Hoping for a4.} Na4 $146 14. Bf3 $36 {[%mdl 3072] White has strong compensation. Keeping Black busy.} Nd7 15. Rfb1 (15. Rfe1 $16 {aiming for Rxe6+!} g6 16. Nb3) 15... e5 $2 (15... Ndb6 $1 $11) 16. Rb4 $18 ({Avoid the trap} 16. Bxb7 $2 Bxb7 17. Rxb7 exd4 $19) 16... Nac5 (16... Nc3 $142 17. Rc4 Nb5 18. Nxb5 axb5) 17. Nf5 Ne6 18. Re1 ({Resist} 18. Bxb7 $6 Bxb7 19. Rxb7 g6) 18... g6 19. Ne7 f6 (19... Rh7 {was necessary.} 20. Bd5 a5) 20. Nxg6 Rg8 $2 (20... Rh7 {keeps fighting.} 21. Bh5 (21. Bxb7 Bxb7 22. Rxb7 Rc8 $16) 21... Ng7) 21. Bh5 {White threatens Nf4+ and mate.} Kd8 22. Ne7 Rg5 23. Bf7 Nd4 $2 (23... Nc7 24. Ng6 Rxg6) 24. Rxd4 exd4 {[#]} 25. Nc6+ $1 {[%mdl 512] Precision: White = 56%, Black = 15%.} 1-0

[Event "1. Bamberg-Open 2018"]
[Site "Bamberg"]
[Date "2018.05.12"]
[Round "5"]
[White "Schulz, Karsten"]
[Black "Korolev, Alexandr"]
[Result "1/2-1/2"]
[WhiteElo "2246"]
[BlackElo "2071"]
[Annotator "TA"]
[PlyCount "71"]
[EventDate "2018.??.??"]
[EventType "swiss"]
[EventCountry "GER"]
[SourceTitle "playchess.com"]
[Source "ChessBase"]
[SourceQuality "1"]

{[%evp 18,71,4,2,35,0,0,0,16,16,16,15,14,14,16,21,20,20,20,29,29,28,20,0,25,9,58,61,63,0,0,0,0,0,0,0,15,0,0,0,0,0,0,0,0,0,0,0,0,0,0,0,0,0,0,0]} 1. Nf3 Nf6 2. g3 g6 3. b3 Bg7 4. Bb2 O-O 5. Bg2 c5 6. c4 Nc6 7. O-O d6 8. d3 e5 9. Nc3 Rb8 10. e3 {LiveBook: 5 Games. A38: Symmetrical English vs ...g6: 4 Bg2 Bg7 5 Nf3 Nf6} Be6 $146 ({Predecessor:} 10... h6 11. h3 Re8 12. Nd2 Be6 13. Nde4 a6 14. Nxf6+ Bxf6 15. Qd2 Qd7 16. Kh2 b5 17. Nd5 Bg7 {½-½ (63) Malakhov,V (2686)-Li,C (2732) Riadh 2017}) 11. d4 cxd4 12. exd4 {[#] Threatens to win with d5.} exd4 13. Nxd4 Nxd4 14. Qxd4 Nd5 $1 15. Qd2 Nxc3 16. Bxc3 Bxc3 17. Qxc3 b5 18. cxb5 Rxb5 19. Rfd1 Qb6 20. Qd4 Rd8 21. Rac1 a5 22. Qxb6 Rxb6 23. Rd4 ({White should play} 23. Bd5 $14) 23... Rb4 $11 {The position is equal.} 24. Rxb4 axb4 {[%mdl 4096] Endgame KRB-KRB} 25. Kf1 Kf8 26. Ke2 Rd7 27. Kd3 Ra7 28. Rc2 $1 Ke7 29. Kd4 Ra5 30. Be4 d5 31. Bd3 Kd6 32. f4 Bg4 33. Rf2 Ke6 34. Rc2 Kd6 35. Rf2 Ke6 36. Rc2 {Precision: White = 60%, Black = 74%.} 1/2-1/2

[Event "1. Bamberg-Open 2018"]
[Site "Bamberg"]
[Date "2018.05.12"]
[Round "5"]
[White "Epding, Olaf"]
[Black "Goldbeck, Lars"]
[Result "0-1"]
[WhiteElo "2238"]
[BlackElo "2247"]
[Annotator "TA"]
[PlyCount "60"]
[EventDate "2018.??.??"]
[EventType "swiss"]
[EventCountry "GER"]
[SourceTitle "playchess.com"]
[Source "ChessBase"]
[SourceQuality "1"]

{[%evp 24,60,29,30,47,42,49,45,29,32,79,-58,-43,-54,-64,-115,-114,-101,-95,-98,6,-25,-26,-116,-111,-637,-410,-5481,-825,-730,-606,-856,-475,-29990,-1365,-1247,-1212,-29984,-29984]} 1. d4 Nf6 2. c3 g6 3. Bg5 Bg7 4. Nd2 d5 5. e3 O-O 6. Ngf3 Nbd7 7. h3 c5 8. Be2 b6 9. O-O Bb7 10. Bf4 {D03: 1 d4 d5 2 Nf3 Nf6 3 Bg5, including Torre Attack with early ...d5} Ne4 (10... Ne8 11. Bh2 Nd6 12. a4 a6 13. Qb3 Rc8 14. Rfd1 Re8 15. Ne5 Nf6 16. dxc5 Rxc5 17. Nd3 Rc8 {½-½ (41) Kosic,D (2517)-Sedlak,N (2537) Kragujevac 2016}) 11. a4 a6 12. Nxe4 dxe4 13. Nd2 {LiveBook: 5 Games} cxd4 $146 ({Predecessor:} 13... e5 14. dxe5 Bxe5 15. Bxe5 Nxe5 16. Nc4 Nd3 17. b4 cxb4 18. cxb4 {0-1 (57) Petrovic,M (2240)-Peptan,C (2295) Belgrade 1995}) 14. exd4 e5 15. dxe5 $1 Nxe5 16. Nc4 Nd3 17. Be3 (17. Bxd3 $1 $16 exd3 18. Nd6) 17... b5 $15 18. Nb6 Rb8 19. Qc2 (19. Bxd3 $15 exd3 20. Qd2) 19... f5 $1 $36 {[%cal Rf5f4][%mdl 2048] White must now prevent ...f4. Black is in control.} 20. f4 Bc6 21. a5 {[#]} Qe7 ({Black should play} 21... Qd6 $1 $17 22. Rfd1 Rbd8) 22. Rad1 Rbd8 23. Kh2 (23. Bxd3 $11 exd3 24. Rxd3) 23... Kh8 24. g4 $2 {[%mdl 8192]} (24. Bd4 $17) 24... fxg4 25. hxg4 (25. Bxg4 $142 h5 26. Be2) 25... Nxf4 (25... Qh4+ $142 26. Kg2 {[#]} Rxf4 $1 {[%mdl 512]}) 26. Rxf4 $19 Be5 27. Rxd8 Qxd8 28. Qc1 (28. Kg1 $19 Rxf4 29. Qd2 Qxd2 30. Bxd2) 28... g5 (28... Qh4+ $142 29. Kg1 Qg3+ 30. Kf1 Bxf4 31. Bxf4 e3 32. Qxe3 Qxe3 33. Ke1 Rxf4 34. Nd5 Bxd5 35. c4 Bxc4 36. Kd1 Qxe2+ 37. Kc1 Rf1#) 29. Bd4 Qxd4 ({Less strong is} 29... gxf4 30. Bxe5+ Kg8 31. Bxf4 $17) 30. Kh3 Bxf4 {Precision: White = 20%, Black = 52%.} 0-1

[Event "1. Bamberg-Open 2018"]
[Site "Bamberg"]
[Date "2018.05.12"]
[Round "5"]
[White "Loew, Gerald"]
[Black "Heppert, Lars"]
[Result "1-0"]
[WhiteElo "2202"]
[BlackElo "1907"]
[Annotator "TA"]
[PlyCount "69"]
[EventDate "2018.??.??"]
[EventType "swiss"]
[EventCountry "GER"]
[SourceTitle "playchess.com"]
[Source "ChessBase"]
[SourceQuality "1"]

{[%evp 9,68,104,93,100,84,92,79,46,63,62,58,0,0,7,0,0,0,0,16,2,18,29,23,-6,53,13,60,-8,140,27,70,0,5,-6,0,0,0,0,208,147,134,92,80,80,133,137,216,225,1027,1005,1225,1191,29988,1611,1479,1207,29992,29993,29993,29994,29999]} 1. c4 e5 2. Nc3 Nc6 3. Nf3 Bc5 4. e3 a6 (4... d6 5. d4 exd4 6. exd4 Bb4 7. Bd2 Bxc3 8. Bxc3 d5 9. cxd5 Qxd5 10. Ne5 Nge7 11. f3 Be6 12. Bd3 Nxe5 13. dxe5 {0-1 (52) Khismatullin,D (2632)-Fedorchuk,S (2648) Riadh 2017}) 5. d4 exd4 6. exd4 {A27: English Opening: Three Knights Variation} Ba7 7. Bg5 Nce7 $146 ({Predecessor:} 7... Nge7 8. d5 f6 9. Bf4 Ng6 10. Bg3 Nce5 11. Nxe5 Nxe5 {1-0 (41) Tugarov,D-Bobrovski,A Obninsk 2009}) 8. d5 {White is better.} d6 9. Bd3 h6 10. Be3 (10. Bh4 $14) 10... Bxe3 $11 11. fxe3 Nf6 12. O-O O-O 13. Qd2 Re8 14. Rae1 c6 15. Bb1 cxd5 16. cxd5 b5 (16... Bf5 $11) 17. a3 Qb6 18. Kh1 (18. Nd4 $14) 18... Bb7 (18... Bf5 $11) 19. e4 (19. Nh4 $16) 19... Rad8 20. Nh4 (20. Ne2 $1 $14) 20... Ng4 $1 21. Nd1 Ne5 22. Ne3 N7g6 23. Nhf5 Nc4 $2 (23... Ne7 $11) 24. Qf2 Rd7 25. b3 Nxe3 26. Rxe3 {[%cal Be1e3,Be3g3,Bg3g6,Bg6h6][%mdl 32]} Qd8 (26... Rc7 $142) 27. Rg3 $40 {[%mdl 128] aiming for Nxd6! White has strong attack.} ({Stronger than} 27. Nxd6 Rxd6 28. e5 (28. Qxf7+ Kh8 $17) 28... Nxe5 $17) 27... Kh7 {[#]} (27... Rc7 $16 28. Qd4 Re5) 28. h4 $1 $18 {[%mdl 512]} f6 $2 {[#]} (28... Rg8 29. Qe3 Qf6) (28... Nxh4 29. Rxg7+) 29. e5 $1 {[%mdl 512]} fxe5 {[#]} (29... dxe5 30. Rxg6) 30. Rxg6 $1 {[%mdl 512] White wants to mate with Nxg7!} e4 (30... Kxg6 31. Ng3+) 31. Qg3 (31. Qf4 $142 Kh8 32. Nxd6 Bxd5 33. Nxe8 Qxe8 34. Rb6 Rd8 35. Re1 Qf8 36. Qxf8+ Rxf8 37. Rxa6) 31... Qc7 32. Nxd6 Rg8 33. Bxe4 {White mates.} Kh8 34. Qe5 {[%cal Rg6h6]} Re7 35. Rxh6# {Precision: White = 35%, Black = 33%.} 1-0

[Event "1. Bamberg-Open 2018"]
[Site "Bamberg"]
[Date "2018.05.12"]
[Round "5"]
[White "Kraich, Klaus"]
[Black "Walter, Thomas"]
[Result "1-0"]
[WhiteElo "2169"]
[BlackElo "2070"]
[Annotator "TA"]
[PlyCount "63"]
[EventDate "2018.??.??"]
[EventType "swiss"]
[EventCountry "GER"]
[SourceTitle "playchess.com"]
[Source "ChessBase"]
[SourceQuality "1"]

{[%evp 11,63,26,26,24,30,26,28,23,30,18,25,25,37,27,33,27,31,35,75,84,145,125,133,132,145,138,132,141,264,125,108,108,150,130,177,175,247,247,239,241,259,258,254,200,321,314,412,401,535,452,934,915,1097,1091]} 1. Nf3 c5 2. e3 g6 (2... Nf6 3. d4 d5 4. Nbd2 cxd4 5. exd4 Nc6 6. c3 Qc7 7. Bd3 Bg4 8. Qa4 e6 9. Ne5 Bd6 10. Nxg4 Nxg4 11. Nf3 O-O 12. Bg5 h6 13. Bh4 {0-1 (60) Jakovenko,D (2746)-Abasov,N (2608) Batumi 2018}) 3. d4 cxd4 4. exd4 Bg7 5. Be2 Nf6 6. O-O {A04: Unusual lines after 1 Nf3 and King's Indian Attack} O-O {LiveBook: 19 Games} 7. Re1 b6 8. Ne5 $146 {White has an edge.} ({Predecessor:} 8. c4 d5 9. Nc3 Bb7 10. Ne5 dxc4 11. Bxc4 Nc6 12. Nxc6 Bxc6 13. Bf4 {½-½ (22) Neunhoeffer,H (2308)-Nun,J (2376) Germany 2006}) 8... Bb7 9. Bf3 Nc6 10. c3 d5 11. Bf4 Nxe5 12. Bxe5 Ne4 13. Bxg7 Kxg7 14. Nd2 $36 {[%cal Rd2e4,Bb1d2,Bd2f3,Bf3e5][%mdl 2080] White has the initiative.} f5 15. Be2 f4 ({Black should play} 15... a5) 16. Nf3 e6 17. Bd3 Qf6 18. Ne5 Qh4 19. f3 Nf2 {[#]} (19... Qf2+ $16 {is a better defense.} 20. Kh1 Nd6) 20. Qe2 (20. Qa4 $1 $18 {[%cal Ra4d7] and the rest is easy.} Nxd3 21. Qd7+ (21. Nxd3 Qe7 $16) 21... Kh8 22. Nxd3) 20... Nxd3 $16 21. Qxd3 Rae8 22. a4 {[%cal Ba2a4,Ba4a5][%mdl 32]} Rf5 23. a5 Qd8 {[#]} (23... bxa5 {was worth a try.} 24. Qb5 Qe7 25. Rxa5 (25. Qxa5 Ra8 $18) 25... a6) 24. Qb5 $1 $18 Re7 25. axb6 Qxb6 26. Qxb6 axb6 27. Ra7 Kf8 (27... Rf8 $142 28. Rea1 Kf6) 28. Rea1 Rf6 29. R1a3 h5 30. Rb3 {White is clearly winning.} g5 (30... Bc8 $142) 31. Rxb6 Bc8 32. Ra8 {Precision: White = 80%, Black = 10%.} 1-0

[Event "1. Bamberg-Open 2018"]
[Site "Bamberg"]
[Date "2018.05.12"]
[Round "5"]
[White "Pfadenhauer, Johannes"]
[Black "Boss, Rolf"]
[Result "1-0"]
[WhiteElo "2167"]
[BlackElo "1929"]
[Annotator "TA"]
[PlyCount "82"]
[EventDate "2018.??.??"]
[EventType "swiss"]
[EventCountry "GER"]
[SourceTitle "playchess.com"]
[Source "ChessBase"]
[SourceQuality "1"]

{[%evp 11,82,55,56,27,27,32,63,35,84,84,125,121,228,219,210,216,208,204,308,292,310,305,297,299,297,291,275,-7,-6,-130,-131,-263,-239,-240,-204,-182,-165,-422,-86,-83,-38,-34,0,0,0,0,0,0,0,0,0,0,0,0,0,0,0,0,0,0,0,0,6,8,8,0,124,131,278,0,289,287,683]} 1. d4 f5 2. Bg5 h6 3. Bh4 g5 4. Bg3 Bg7 5. e3 Nf6 6. Nc3 {A80: Dutch Defence: Unusual White second moves} d6 {LiveBook: 15 Games} 7. Bc4 (7. h4 g4 8. Nge2 Nh5 9. Qd2 c6 10. Nf4 Nxg3 11. fxg3 O-O 12. Bd3 d5 13. O-O e6 14. Nce2 {1-0 (41) De Oliveira,J (2574)-Moll,R (2601) ICCF email 2016}) 7... e6 8. h4 {White has an edge.} g4 9. Nge2 Qe7 $146 ({Predecessor:} 9... Nh5 10. Bh2 Qe7 11. Qd2 Nd7 12. O-O-O Nb6 13. Bd3 Bd7 14. f3 gxf3 15. gxf3 {0-1 (42) Ibrahimli,M (2305)-Akdogan,A (2240) Durres 2018}) 10. Nf4 {aiming for Ng6.} Rg8 11. Qe2 a6 (11... c6 $16) 12. O-O-O b5 13. Bb3 Nc6 14. e4 Nxe4 (14... Na5 $142 15. Bxe6 Bxe6) 15. Nxe4 $18 Nxd4 16. Rxd4 Bxd4 17. Re1 {Strongly threatening Nd5.} Be5 18. Nc3 c6 19. Nfd5 $2 ({Better is} 19. Nd3 $18) 19... exd5 $11 20. Nxd5 (20. Bxe5 $11 dxe5 21. Nxd5 $1 {[%mdl 512]} cxd5 22. Bxd5) 20... cxd5 $17 21. Bxd5 (21. Bxe5 $17 Bb7 22. Bxd6 Qxe2 23. Rxe2+ Kd7 24. Bf4) 21... Be6 $19 (21... f4 22. Bh2 $17) 22. Bxa8 f4 23. Bh2 Qxh4 24. Bd5 $2 (24. Bg1) 24... Rg6 $2 (24... Qxh2 25. Bxe6 Rg7 26. Qe4 $11 (26. Bxg4 Qxg2 27. Bf3 Qh2 $11)) (24... Bxd5 $19 25. Bxf4 Kf7 26. Bxe5 dxe5 27. Qxe5 Qg5+ 28. Qxg5 Rxg5) 25. Qe4 $17 Qg5 {White must now prevent ...Bxd5.} 26. Kb1 $1 {Threatens to win with Bxe6.} g3 (26... Kf7 $5) 27. Bxe6 Rxe6 28. Bxg3 fxg3 {[#]} 29. f4 $1 {[%cal Rf4g5][%mdl 512]} Qf6 (29... Bxf4 30. Qxe6+) 30. fxe5 Rxe5 $11 {[%mdl 4096] Endgame KQR-KQR} 31. Qc6+ Kf7 {[%cal Re5e1]} 32. Rd1 d5 33. Qd7+ Kg6 34. a3 Qf5 35. Qd8 {With the idea Qg8+.} (35. Qb7 {feels hotter.} Qg4 36. Qc6+ Qe6 37. Qc3 Re3 38. Qd4) 35... Qf6 36. Qg8+ Qg7 37. Qc8 Qf6 $1 38. Ka2 Kg7 (38... Qe6 $11 39. Qxe6+ Rxe6) 39. Rd3 $16 {[%mdl 1024] White has strong compensation.} Rg5 {[#]} (39... d4 $16 {was worth a try.}) 40. Rf3 $2 (40. Rc3 $1 $18 {[%cal Rc3c7]} Kh7 41. Rc6) 40... Qe7 $2 {[%mdl 8192]} (40... Qxf3 $1 $11 {and Black is okay.} 41. gxf3 g2) 41. Rc3 $18 ({Not} 41. Qxa6 d4 $16) 41... Kf6 $2 {Precision: White = 47%, Black = 31%.} (41... Qe4 42. Qd7+ Kh8) 1-0

[Event "1. Bamberg-Open 2018"]
[Site "Bamberg"]
[Date "2018.05.12"]
[Round "5"]
[White "Meulner, Klaus"]
[Black "Rieder, Johannes"]
[Result "1-0"]
[WhiteElo "2120"]
[BlackElo "1856"]
[Annotator "TA"]
[PlyCount "49"]
[EventDate "2018.??.??"]
[EventType "swiss"]
[EventCountry "GER"]
[SourceTitle "playchess.com"]
[Source "ChessBase"]
[SourceQuality "1"]

{[%evp 18,49,-14,-11,99,95,109,102,111,108,88,86,117,91,99,100,103,95,89,38,30,29,139,145,115,94,692,687,637,642,640,583,890,297]} 1. Nf3 Nf6 2. c4 c6 3. g3 g6 4. b3 Bg7 5. Bb2 O-O 6. Bg2 d5 7. O-O Nbd7 8. Qc2 Re8 9. Nc3 {[%cal Bb1c3,Bc3b5,Bb5d6][%mdl 32]} e5 {A11: English Opening: 1...c6} (9... dxc4 10. bxc4 e5 11. d3 Nc5 12. Rfd1 Qc7 13. Rab1 Bf5 14. Nh4 Be6 15. Ba3 Bf8 16. Na4 Nfd7 17. Nc3 {1-0 (57) Mamedov,R (2639)-Mekhitarian,K (2589) Arlington 2015}) 10. cxd5 {LiveBook: 7 Games} cxd5 (10... Nxd5 $11 11. d3 Nxc3 12. Bxc3 (12. Qxc3 Nb6 $11) 12... Nb6) 11. Nb5 $16 Re6 {White is better.} 12. Qc7 Qe8 13. Rfc1 Nb6 $146 ({Predecessor:} 13... Bf8 14. Qc2 Qd8 15. Nxa7 Rxa7 16. Qxc8 Qxc8 17. Rxc8 {1-0 (51) Meyer,B (2235)-Ziltener,W Biel 2000}) 14. Nd6 ({Much worse is} 14. Nxe5 $6 Ng4 $15) (14. Bxe5 Qxb5 15. Nd4 Qa6 $15) 14... Qd7 15. Qxd7 ({Weaker is} 15. Nxe5 Qxd6 16. Qxf7+ Kh8 $15) 15... Nfxd7 16. Nxc8 Rxc8 17. Rxc8+ Nxc8 {[#]} 18. Ng5 (18. Bh3 $1 $16 {[%cal Rh3e6]} f5 19. g4) 18... Rd6 $14 19. Rc1 $36 {[%mdl 2048] White is more active.} Ndb6 (19... Ncb6 $11 {keeps the balance.}) 20. Rc7 $16 f6 21. Bh3 {aiming for Be6+.} Rc6 $2 {[%mdl 8192] [#]} (21... fxg5 $16 22. Bxc8 Rc6 23. Rxc6 bxc6) 22. Be6+ $18 {White is clearly winning.} Kh8 23. Nf7+ Kg8 24. Nd6+ Kf8 25. Rf7+ {Precision: White = 72%, Black = 33%.} ({Less strong is} 25. Rxc8+ Nxc8 26. Bxc8 Rxd6 $14) 1-0

[Event "1. Bamberg-Open 2018"]
[Site "Bamberg"]
[Date "2018.05.12"]
[Round "5"]
[White "Popvasilev, Kaloyan"]
[Black "Tong, Kevin"]
[Result "1/2-1/2"]
[WhiteElo "2050"]
[BlackElo "2158"]
[Annotator "TA"]
[PlyCount "55"]
[EventDate "2018.??.??"]
[EventType "swiss"]
[EventCountry "GER"]
[SourceTitle "playchess.com"]
[Source "ChessBase"]
[SourceQuality "1"]

{[%evp 17,55,12,16,0,29,9,7,-18,-23,-23,-23,-28,-33,-37,-27,-28,-21,-18,-8,-10,-12,-9,-3,-36,-31,-31,-42,-25,-26,-53,-47,-51,0,-43,-20,-42,0,0,11,-62]} 1. e4 e5 2. Nf3 Nc6 3. d4 exd4 4. Nxd4 Bc5 5. Nxc6 Qf6 6. Qf3 dxc6 7. Nc3 {C45: Scotch Game} Be6 8. Be3 Bb4 9. Bd2 O-O-O {LiveBook: 5 Games} 10. O-O-O Qg6 {[#] Threatens to win with ...Bg4.} 11. Qg3 Nf6 $146 ({Predecessor:} 11... f5 12. Bd3 Nf6 13. f3 Qxg3 14. hxg3 fxe4 15. Nxe4 Nxe4 16. Bxe4 Bxd2+ 17. Rxd2 {0-1 (73) Yu,Y (2738)-Nakamura,H (2785) Caleta 2017}) 12. Bd3 Qxg3 13. hxg3 Ng4 14. Rhf1 Bc5 15. Be1 a6 16. Be2 h5 17. Rxd8+ Kxd8 18. a3 Kc8 19. Nd1 Rd8 20. f4 Ne3 21. Nxe3 Bxe3+ 22. Kb1 Bg4 23. Bxg4+ hxg4 24. Bc3 f6 ({Black should try} 24... Bd4 $15 25. Kc1 Bxc3 26. bxc3 Re8) 25. e5 f5 (25... Bd2 $5 {[%cal Rd2c3]}) 26. b3 g6 27. Kb2 c5 28. Kb1 {Precision: White = 53%, Black = 49%.} (28. Rh1 $11) 1/2-1/2